000 00788cam a2200241 4500
001 WS105200
008 000000n 000 0 eng u
035 _a(Sirsi) u105200
245 _aEngineering News Record
520 _aSite for this American construction journal including links to various ENR surveys such as the Top 4000 contractors, top 100 design and build firms etc.
650 _aUSA
650 _aCONTRACTORS
650 _aRANKING
650 _aLEAGUE TABLES
650 _aDESIGN AND BUILD
650 _aCONSTRUCTION MANAGEMENT
_96230
650 _aJOURNALS
650 _aINTERNATIONAL
650 _aWEB SITE
690 _aBUILT ENVIRONMENT
856 4 0 _uhttps://enr.construction.com/
_zView the website free of charge at enr.construction.com/...
942 _n0
999 _c119472
_d119472